000 00491cam a22001934a 4500
005 20250605164153.0
008 250528s ||||||||||||||||||||||||d
035 _a19458
020 _a9607026926
040 _aGR-AtMCL
_bgre
_dGR-AtMCL
_eAACR2
245 1 _aΘΕΩΡΙΑ ΚΑΙ ΠΡΑΚΤΙΚΗ ΣΤΟ ΧΡΩΜΑ
250 _a1
260 _bΝτουντούμης,
_c1988
300 _a111
700 1 _aParramon Jose Maria
_95709
942 _cBK
999 _c4714
_d4714